000 00720cam a22002053a 4500
001 33443
003 PGUSA
005 20140828083725.0
008 100815s2010||||xxu|||||s|||||000 | eng d
040 _aPGUSA
_beng
042 _adc
100 1 _aMuir, John,
_d1838-1914
245 1 0 _aCruise of the Revenue-Steamer Corwin in Alaska and the N.W. Arctic Ocean in 1881 :
_bBotatical Notes : Notes and Memoranda: Medical and Anthropological; Botanical; Ornithological.
_h[electronic resource] /
_cJohn Muir
260 _bProject Gutenberg,
_c2010
506 _aPublic domain in the USA.
516 _aElectronic text
830 0 _aProject Gutenberg
_v33443
856 4 0 _uhttp://www.gutenberg.org/ebooks/33443
942 _cEB
999 _c262698
_d262698